Datum a čas kvízu
29
Celkem bodů
Celkový počet nahraných bodů na tomto kvízu bez doplňovacích otázek.
12.
Pořadí na kvízu
Konečné umístění týmu na tomto kvízu.
Zaznamenané odpovědi
| # | Otázka | Odpověď | Body | Výsledky |
|---|---|---|---|---|
| 1. | Který prezidentský kandidát se... | Karel Janeček | 1 | |
| 2. | Ve věku 96 let zemřel minulý t... | Čína | 1 | |
| 3. | Minulý týden byla na seznam ne... | vorařství (plavení dřeva, dřevoplavba apod.) | 1 | |
| 4. | Minulý týden jsme se dozvěděli... | Popeyes | 0 | |
| 5. | Jeden z favoritů mistrovství s... | Japonsko | 1 | |
| 6. | V tomto tématu se podíváme na... | 1B 2D 3A 4C | 0 | |
| 7. | V následujících slovech se na... | 1A 2D 3B 4C | 0 | |
| 8. | Podívejme se teď na místní jmé... | C | 1 | |
| 9. | V následujících slovech je vyn... | B | 0 | |
| 10. | Na závěr se podíváme na několi... | B | 1 |